[Event "Ì17Â"]
[Site "Loo"]
[Date "2017.04.21"]
[Round "2.25"]
[White "Ãóðüÿíîâ, Äàíèë."]
[Black "×èæî, Àëåêñàíäð."]
[Result "1-0"]
[WhiteElo "2116"]
[BlackElo "1962"]
[PlyCount "60"]
[EventDate "2017.04.20"]

1. e4 c5 2. Nf3 Nc6 3. d4 cxd4 4. Nxd4 Nf6 5. Nc3 e6 6. Ndb5 Bb4 7. a3 Bxc3+ 8.
Nxc3 d5 9. exd5 exd5 10. Bd3 Bg4 11. f3 Be6 12. O-O O-O 13. Ne2 Ne5 14. Be3
Nfd7 15. b3 Nxd3 16. Qxd3 Ne5 17. Qd2 Nc6 18. Nd4 Nxd4 19. Bxd4 Qh4 20. Rae1 b6
21. Re5 Rac8 22. f4 g6 23. Bb2 h6 24. Re3 Kh7 25. f5 Bxf5 26. Qxd5 Rxc2 27.
Rxf5 Rxb2 28. Rxf7+ Kg8 29. Rf4+ Kg7 30. Qd7+ Kg8 1-0

[Event "Ì17Â"]
[Site "Loo"]
[Date "2017.04.21"]
[Round "2.26"]
[White "Ñàðàòîâñêèé, Äìèòðèé."]
[Black "Ñóâîðîâ, Àëåêñàíäð."]
[Result "0-1"]
[WhiteElo "1929"]
[BlackElo "2107"]
[PlyCount "34"]
[EventDate "2017.04.20"]

1. d4 d5 2. c4 e6 3. Nc3 c6 4. e4 dxe4 5. Nxe4 Bb4+ 6. Bd2 Qxd4 7. Bxb4 Qxe4+
8. Be2 Na6 9. Ba5 b6 10. Bc3 Nf6 11. Qd6 Bd7 12. Rd1 O-O-O 13. Nf3 c5 14. Ne5
Ba4 15. Nxf7 Bxd1 16. O-O Bxe2 17. Bxf6 Bxf1 0-1

[Event "Ì17Â"]
[Site "Loo"]
[Date "2017.04.21"]
[Round "2.27"]
[White "Êîíîíîâ, Âëàäèñëàâ."]
[Black "Áîíäàðåíêî, Ìèøåëü."]
[Result "1/2-1/2"]
[WhiteElo "2092"]
[BlackElo "1858"]
[PlyCount "124"]
[EventDate "2017.04.20"]

1. d4 Nf6 2. c4 g6 3. Nc3 d5 4. e3 Bg7 5. Qb3 e6 6. Nf3 O-O 7. Bd2 b6 8. Be2 c5
9. O-O Nbd7 10. cxd5 cxd4 11. exd4 exd5 12. Nxd5 Nxd5 13. Qxd5 Rb8 14. Bb5 Ne5
15. Qxd8 Nxf3+ 16. gxf3 Rxd8 17. Bf4 Bh3 18. Rfd1 Rbc8 19. Be3 Rd5 20. Bd3 Ra5
21. b4 Rd5 22. Be4 Rd7 23. Rd2 Rc4 24. a3 Rc3 25. b5 f5 26. Bc6 Rd6 27. a4 g5
28. f4 gxf4 29. Bxf4 Rg6+ 30. Kh1 Bg4 31. Bd5+ Kf8 32. Re1 Bh6 33. Bxh6+ Rxh6
34. Re3 Rc1+ 35. Kg2 Rg6 36. f3 f4 37. Re5 Be6+ 38. Kf2 Rcg1 39. Ke2 Bxd5 40.
Rxd5 R1g2+ 41. Kd3 Rxd2+ 42. Kxd2 Rg2+ 43. Kc3 Rxh2 44. Rf5+ Ke7 45. Rxf4 h5
46. Kc4 Ke6 47. Rf8 h4 48. f4 Rf2 49. Kd3 Rf1 50. Ke4 h3 51. d5+ Ke7 52. Rh8
Re1+ 53. Kf5 Rh1 54. Rh6 Kd7 55. Rh5 Ke7 56. Rh7+ Kd6 57. Rxa7 h2 58. Rh7 Kxd5
59. Rd7+ Kc5 60. Rd2 Kb4 61. Re2 Kxa4 62. Ke5 Kxb5 1/2-1/2

[Event "Ì19"]
[Site "Loo"]
[Date "2017.04.21"]
[Round "2.1"]
[White "Õàíèí, Ñåìåí."]
[Black "Àêìàëîâ, Äàíèèë."]
[Result "1/2-1/2"]
[WhiteElo "2430"]
[BlackElo "2286"]
[PlyCount "120"]
[EventDate "2017.04.20"]

1. e4 g6 2. d4 Bg7 3. Nc3 d6 4. f4 a6 5. Nf3 b5 6. Bd3 Nd7 7. e5 Nh6 8. O-O O-O
9. Qe2 Nb6 10. a4 b4 11. Ne4 a5 12. c3 bxc3 13. bxc3 Bb7 14. Bd2 Bc6 15. c4 e6
16. Rfc1 Nf5 17. g4 dxe5 18. dxe5 Nh4 19. Nxh4 Qxh4 20. Be1 Qe7 21. Bf2 Rfd8
22. g5 Nxa4 23. Bc2 Nb6 24. Bc5 Qe8 25. Rd1 Rxd1+ 26. Rxd1 Bxe4 27. Bxe4 Rd8
28. Bc6 Rxd1+ 29. Qxd1 Qb8 30. Qb3 Bf8 31. Be3 Bb4 32. c5 Nc8 33. Bd7 Ne7 34.
Bxe6 Qe8 35. Bc4 Nf5 36. Bf2 Ng7 37. c6 Ne6 38. Qf3 Bc5 39. Bxc5 Nxc5 40. Qd5
Qe7 41. Kf1 a4 42. Ke2 Ne6 43. Qd7 Qxd7 44. cxd7 Nd8 45. f5 gxf5 46. Ke3 Kf8
47. Kf4 Ke7 48. Kxf5 Ne6 49. h4 Kxd7 50. Kf6 Ke8 51. Bb5+ Kf8 52. Bxa4 Nd4 53.
Bd1 c5 54. Bh5 c4 55. Bxf7 c3 56. h5 Nf5 57. e6 Ne7 58. g6 hxg6 59. Bxg6 Ng8+
60. Ke5 Ke7 1/2-1/2

[Event "Ì19"]
[Site "Loo"]
[Date "2017.04.21"]
[Round "2.2"]
[White "Áûêîâ, Åãîð."]
[Black "Äðûãàëîâ, Ñåðãåé."]
[Result "0-1"]
[WhiteElo "2263"]
[BlackElo "2419"]
[PlyCount "52"]
[EventDate "2017.04.20"]

1. d4 Nf6 2. c4 e6 3. Nc3 Bb4 4. Nf3 c5 5. g3 O-O 6. Bg2 d6 7. O-O Nc6 8. d5
Bxc3 9. dxc6 Ba5 10. Ne5 dxe5 11. cxb7 Bxb7 12. Bxb7 Rb8 13. Bg2 Qc7 14. Qc2
Rfd8 15. h3 Ne8 16. g4 Nd6 17. f4 exf4 18. Bxf4 Qe7 19. Qa4 Bc7 20. Qxa7 Rxb2
21. Kh1 Rxe2 22. Qxc5 Bb8 23. Rfe1 Rxg2 24. Kxg2 Qb7+ 25. Kh2 Ne4 26. Qe3 Rd2+
0-1

[Event "Ì19"]
[Site "Loo"]
[Date "2017.04.21"]
[Round "2.3"]
[White "Áóö, Íèêèòà."]
[Black "Ìóðòàçèí, Áóëàò."]
[Result "0-1"]
[WhiteElo "2260"]
[BlackElo "2406"]
[PlyCount "62"]
[EventDate "2017.04.20"]

1. d4 Nf6 2. c4 g6 3. Nf3 Bg7 4. g3 O-O 5. Bg2 d6 6. O-O Nc6 7. Nc3 Bf5 8. d5
Na5 9. Nd2 c6 10. b4 Nxc4 11. Nxc4 Nxd5 12. Nxd5 Bxa1 13. Bh6 Bg7 14. Bxg7 Kxg7
15. Nde3 Be6 16. Qd4+ f6 17. a4 Bf7 18. f4 d5 19. Nb2 Qb6 20. Rd1 Rfd8 21. f5
Qxd4 22. Rxd4 gxf5 23. Nxf5+ Kf8 24. a5 e6 25. Ne3 Ke7 26. Kf2 b6 27. axb6 axb6
28. Rd1 Ra2 29. Nd3 Bg6 30. b5 Bxd3 31. Rxd3 c5 0-1

[Event "Ì19"]
[Site "Loo"]
[Date "2017.04.21"]
[Round "2.4"]
[White "Åëåöêèé, Èâàí."]
[Black "×åðåäíè÷åíêî, Äìèòðèé."]
[Result "1-0"]
[WhiteElo "2367"]
[BlackElo "2282"]
[PlyCount "61"]
[EventDate "2017.04.20"]

1. e4 c6 2. d4 d5 3. e5 Bf5 4. Nf3 e6 5. Be2 Ne7 6. O-O h6 7. Nbd2 Nd7 8. Nb3
g5 9. Ne1 Qc7 10. Bd2 a5 11. a4 Bg7 12. Nd3 Ng6 13. Qe1 b6 14. Rc1 O-O 15. f4
g4 16. Nf2 h5 17. Nh1 Be4 18. Ng3 f5 19. Nxh5 Kf7 20. Ng3 Rh8 21. c4 Rh7 22.
Nxe4 dxe4 23. Bxg4 fxg4 24. Qxe4 Ndf8 25. d5 Kg8 26. dxe6 Rd8 27. Be1 Nxe6 28.
Qxg6 Nxf4 29. Rxf4 Qxe5 30. Qe4 Qxb2 31. Rd1 1-0

[Event "Ì19"]
[Site "Loo"]
[Date "2017.04.21"]
[Round "2.5"]
[White "Ñàâåíêîâ, Êîíñòàíòèí."]
[Black "Õàð÷åíêî, Àëåêñåé."]
[Result "1-0"]
[WhiteElo "2324"]
[BlackElo "2263"]
[PlyCount "91"]
[EventDate "2017.04.20"]

1. e4 c5 2. Nc3 Nc6 3. Bb5 Nd4 4. Nf3 Nxb5 5. Nxb5 Nf6 6. e5 Nd5 7. Qe2 Nc7 8.
a4 a6 9. Nc3 g6 10. Ng5 Bg7 11. Qc4 O-O 12. O-O h6 13. Nf3 d6 14. exd6 exd6 15.
a5 Be6 16. Qa4 Bd7 17. Qf4 Bc6 18. d3 Ne6 19. Qg3 Qd7 20. Qh3 Kh7 21. Ne2 Nd4
22. Ng5+ Kg8 23. Nxd4 Qxh3 24. Nxh3 cxd4 25. Bd2 Rac8 26. Rfc1 Rfe8 27. Kf1 Bb5
28. Ra3 Rc5 29. Bb4 Rc6 30. Nf4 Rec8 31. c4 dxc3 32. bxc3 Be5 33. Nd5 Bxd3+ 34.
Ke1 Re8 35. Kd2 Be4 36. Ne3 Bxh2 37. g3 f5 38. c4 f4 39. Ng4 fxg3 40. fxg3 Bxg3
41. Rxg3 d5 42. Rf1 Ree6 43. Nxh6+ Kh7 44. Nf7 Rf6 45. Ng5+ Kg7 46. Bc3 1-0

[Event "Ì19"]
[Site "Loo"]
[Date "2017.04.21"]
[Round "2.6"]
[White "Áû÷êîâ, Âëàäèìèð."]
[Black "Ðàäæàáîâ, Ðîäèîí."]
[Result "1-0"]
[WhiteElo "2202"]
[BlackElo "2302"]
[PlyCount "77"]
[EventDate "2017.04.20"]

1. Nf3 d5 2. d4 Nf6 3. g3 c6 4. Bg2 Bg4 5. O-O Nbd7 6. Nbd2 e6 7. Re1 Be7 8. e4
O-O 9. h3 Bh5 10. c3 Rc8 11. Qb3 Qb6 12. Ne5 Nxe5 13. dxe5 Nd7 14. Qxb6 axb6
15. f4 dxe4 16. Nxe4 Nc5 17. Be3 Rfd8 18. a4 Rd3 19. Nf2 Rd7 20. g4 Bg6 21. b4
Nd3 22. Red1 Bh4 23. Nxd3 Rxd3 24. Rxd3 Bxd3 25. Bxb6 Bg3 26. b5 cxb5 27. a5 b4
28. cxb4 Ba6 29. Rb1 Bd3 30. Rd1 Be2 31. Bxb7 Rb8 32. Rd8+ Rxd8 33. Bxd8 Bxf4
34. Kf2 Bb5 35. Bc7 Bd2 36. Bd6 Bc3 37. Ke3 f6 38. a6 fxe5 39. Bc5 1-0

[Event "Ì19"]
[Site "Loo"]
[Date "2017.04.21"]
[Round "2.7"]
[White "Ñìèðíîâ, Òèìîôåé."]
[Black "Ñèí, Äåíèñ."]
[Result "1-0"]
[WhiteElo "2296"]
[BlackElo "2240"]
[PlyCount "87"]
[EventDate "2017.04.20"]

1. e4 c5 2. Nf3 d6 3. d4 cxd4 4. Nxd4 Nf6 5. Nc3 a6 6. Bg5 Nbd7 7. f4 Qc7 8.
Qe2 e6 9. O-O-O b5 10. a3 Bb7 11. g4 Be7 12. Bg2 h6 13. Bxf6 gxf6 14. Rhe1 Rc8
15. Nd5 exd5 16. exd5 Ne5 17. fxe5 fxe5 18. Nc6 Bg5+ 19. Kb1 O-O 20. Be4 Rce8
21. Qf3 Bc8 22. Rg1 f6 23. Bg6 Re7 24. Nxe7+ Qxe7 25. Bf5 Bb7 26. Qc3 Qd8 27.
Be6+ Kg7 28. Qg3 Qb6 29. h4 Bf4 30. Qd3 Qe3 31. Rge1 Qxd3 32. Rxd3 Re8 33. a4
Bc8 34. axb5 axb5 35. Bf5 h5 36. Rc3 Bxf5 37. gxf5 e4 38. Rc7+ Kh8 39. c4 Bg3
40. Re3 Bf4 41. Re2 e3 42. cxb5 Rb8 43. Rc4 Be5 44. Rb4 1-0

[Event "Ì19"]
[Site "Loo"]
[Date "2017.04.21"]
[Round "2.8"]
[White "Èíäæèåâ, Àëäàð."]
[Black "Îôèöåðüÿí, Áîðèñ."]
[Result "0-1"]
[WhiteElo "2050"]
[BlackElo "2371"]
[PlyCount "94"]
[EventDate "2017.04.20"]

1. e4 c5 2. Nf3 d6 3. d4 cxd4 4. Nxd4 Nf6 5. Nc3 a6 6. Be2 e5 7. Nf5 d5 8. Bg5
d4 9. Bxf6 Qxf6 10. Nd5 Qd8 11. Bc4 Nc6 12. O-O Be6 13. a3 g6 14. Ng3 Bg7 15.
Ba2 O-O 16. c4 Ne7 17. Qd2 Rb8 18. b4 h5 19. Qg5 Bxd5 20. exd5 b5 21. Ne4 bxc4
22. Bxc4 Nxd5 23. Bxa6 Qxg5 24. Nxg5 Nc3 25. Rfe1 Rfd8 26. Bd3 Rdc8 27. h4 f6
28. Ne6 Kf7 29. Nc5 f5 30. f3 Ke7 31. Na6 Rb7 32. a4 Kd6 33. a5 Bh6 34. b5 Be3+
35. Kh2 e4 36. Bf1 Bd2 37. Red1 Nxd1 38. Rxd1 Rc2 39. fxe4 fxe4 40. b6 d3 41.
Nc7 Bxa5 42. Ra1 Bxb6 43. Nb5+ Kc6 44. Na3 Be3 45. Re1 Bf4+ 46. Kh3 Rc3 47. Nb1
Rxb1 0-1

[Event "Ì19"]
[Site "Loo"]
[Date "2017.04.21"]
[Round "2.9"]
[White "Àáåëãóçèí, Äèíàð."]
[Black "Ïîñòíèêîâ, Àðòåì."]
[Result "1-0"]
[WhiteElo "2406"]
[BlackElo "2197"]
[PlyCount "95"]
[EventDate "2017.04.20"]

1. e4 e5 2. Nf3 Nc6 3. Bb5 Nf6 4. d3 Bc5 5. O-O Nd4 6. Nxd4 Bxd4 7. c3 Bb6 8.
Qf3 c6 9. Ba4 d6 10. h3 O-O 11. Re1 Bc7 12. Nd2 a5 13. Nf1 h6 14. g4 Nh7 15.
Qg3 d5 16. Bc2 dxe4 17. dxe4 Ng5 18. Ne3 Ne6 19. Nf5 Nf4 20. Be3 b6 21. Rad1
Qf6 22. h4 Bxf5 23. exf5 Bd8 24. Be4 Rc8 25. b3 c5 26. c4 Be7 27. g5 hxg5 28.
hxg5 Qxg5 29. Qxg5 Nh3+ 30. Kg2 Nxg5 31. Bd5 Nh7 32. Bc1 Rfe8 33. Bb2 Bf6 34.
Rh1 e4 35. Rxh7 Kxh7 36. Bxf7 Bg5 37. Bxe8 Rxe8 38. Rd7 Re7 39. Rxe7 Bxe7 40.
Be5 Kh6 41. Bc7 Kg5 42. Bxb6 Kxf5 43. Bxa5 Bd6 44. a4 Ke5 45. Bc3+ Kf4 46. Bxg7
Bc7 47. Bh6+ Ke5 48. Be3 1-0

[Event "Ì19"]
[Site "Loo"]
[Date "2017.04.21"]
[Round "2.10"]
[White "Ëèòâèíîâ, Ìàêñèì."]
[Black "Êðèâöîâ, Àëåêñàíäð."]
[Result "1/2-1/2"]
[WhiteElo "2384"]
[BlackElo "2206"]
[PlyCount "116"]
[EventDate "2017.04.20"]

1. d4 e6 2. Nf3 f5 3. Bg5 Be7 4. Bxe7 Qxe7 5. Nc3 Nf6 6. e3 O-O 7. Bd3 b6 8.
Qe2 Bb7 9. O-O d5 10. Nd1 Nbd7 11. c4 Ne4 12. Rc1 c5 13. Nc3 Nxc3 14. Rxc3 e5
15. Nxe5 Nxe5 16. dxe5 Qxe5 17. cxd5 Bxd5 18. Bc4 Rad8 19. Rd1 Qe4 20. Bxd5+
Rxd5 21. f3 Qe6 22. b3 Rfd8 23. Rcd3 Rxd3 24. Rxd3 Rxd3 25. Qxd3 Kf7 26. Kf2
Kf6 27. h3 Qe5 28. Qd8+ Kg6 29. f4 Qf6 30. Qd5 Qh4+ 31. Ke2 Qe7 32. g4 Qe4 33.
Qd6+ Kf7 34. Qd7+ Kg6 35. Kf2 Qc2+ 36. Kg3 Qe4 37. gxf5+ Qxf5 38. Qxa7 Qe6 39.
e4 Qxe4 40. Qxb6+ Kf7 41. Qxc5 Qd3+ 42. Kh4 Qd2 43. Qf5+ Ke7 44. Qe4+ Kf6 45.
Kg3 Qxa2 46. Qd4+ Kf7 47. b4 Qb3+ 48. Kg2 Qa2+ 49. Kf1 Qb3 50. Qd7+ Kf6 51.
Qd6+ Kf7 52. Kg2 Qc2+ 53. Kf3 Qc3+ 54. Ke4 Qxh3 55. Qc7+ Ke8 56. Qxg7 Qh1+ 57.
Ke3 Qe1+ 58. Kd3 Qxb4 1/2-1/2

[Event "Ì19"]
[Site "Loo"]
[Date "2017.04.21"]
[Round "2.11"]
[White "Ãîðîæàíêèí, Âàäèì."]
[Black "Àôàíàñüåâ, Íèêèòà."]
[Result "1/2-1/2"]
[WhiteElo "2190"]
[BlackElo "2349"]
[PlyCount "72"]
[EventDate "2017.04.20"]

1. d4 Nf6 2. Nf3 d6 3. c4 c6 4. Nc3 Bg4 5. e4 Nbd7 6. Be2 e5 7. O-O Be7 8. Be3
Bh5 9. Nd2 Bg6 10. d5 O-O 11. b4 cxd5 12. cxd5 Ne8 13. Nc4 b6 14. Qd2 a6 15. f3
Qb8 16. Rab1 Bd8 17. b5 a5 18. Na4 Ra7 19. Bd3 Nc5 20. Nxc5 dxc5 21. f4 f6 22.
f5 Bf7 23. a4 Nd6 24. Kh1 g5 25. g4 Be8 26. Kg2 h6 27. Rh1 Rh7 28. Nxd6 Qxd6
29. h4 Rff7 30. h5 Rc7 31. Bc4 Rc8 32. Qe2 Ra7 33. Qd2 Raa8 34. Qe2 Ra7 35. Qd2
Raa8 36. Qe2 Ra7 1/2-1/2

[Event "Ì19"]
[Site "Loo"]
[Date "2017.04.21"]
[Round "2.12"]
[White "Ãàëü÷åíêî, Ìàòâåé."]
[Black "Áåçîòå÷åñòâî, Êîíñòàíòèí."]
[Result "1-0"]
[WhiteElo "2346"]
[BlackElo "2160"]
[PlyCount "52"]
[EventDate "2017.04.20"]

1. f4 e5 2. fxe5 d6 3. Nf3 dxe5 4. e4 Nc6 5. Bc4 Bc5 6. Qe2 Bg4 7. c3 f6 8.
Bxg8 Bxf3 9. gxf3 Rxg8 10. Qc4 Rf8 11. Qxc5 f5 12. Qd5 Qh4+ 13. Kd1 f4 14. Qe6+
Ne7 15. Na3 Qf2 16. Qh3 c6 17. Qf1 Qh4 18. Nc4 Qf6 19. a4 Rd8 20. Kc2 g5 21. b3
Rg8 22. a5 g4 23. fxg4 Rxg4 24. Qf3 Rh4 25. Ba3 Ng6 26. Ne3 Rh6 1-0

[Event "Ì19"]
[Site "Loo"]
[Date "2017.04.21"]
[Round "2.13"]
[White "Òðóá÷àíèíîâ, Òèìóð."]
[Black "Ãàëàêòèîíîâ, Àðòåì."]
[Result "0-1"]
[WhiteElo "2185"]
[BlackElo "2346"]
[PlyCount "110"]
[EventDate "2017.04.20"]

1. d4 d5 2. c4 e6 3. Nc3 Be7 4. cxd5 exd5 5. Bf4 c6 6. e3 Bd6 7. Bxd6 Qxd6 8.
Bd3 Ne7 9. Qc2 h6 10. Nf3 O-O 11. O-O Bg4 12. Nd2 Nd7 13. a3 a5 14. Nb3 a4 15.
Nc1 b5 16. f3 Bh5 17. N1e2 Nb6 18. e4 f6 19. Kh1 Bf7 20. f4 dxe4 21. Nxe4 Qd8
22. Rfe1 Nbd5 23. Qc5 Qd7 24. Nd6 Bh5 25. Ng3 Nxf4 26. Bb1 Bf7 27. Nxb5 cxb5
28. Rxe7 Qg4 29. Be4 Rad8 30. Rf1 Bc4 31. Bf5 Qg5 32. Rxg7+ Kxg7 33. Rxf4 Kh8
34. Qe7 Bf7 35. Rf1 Qg7 36. Qe3 Rfe8 37. Qf4 Qg5 38. Qc7 Bg6 39. Bd7 Rf8 40.
Re1 Qd2 41. Rf1 Qg5 42. Rd1 Qd5 43. Bc6 Qb3 44. Bf3 Qxb2 45. Qf4 Kg7 46. h4 Qb3
47. h5 Bh7 48. Rc1 Rf7 49. Rc7 Rdf8 50. d5 Rxc7 51. Qxc7+ Rf7 52. Qc8 Qc4 53.
Qe8 Qh4+ 54. Kg1 Qxg3 55. Qxb5 Re7 0-1

[Event "Ì19"]
[Site "Loo"]
[Date "2017.04.21"]
[Round "2.14"]
[White "Àçèìîâ, Èëüÿñ."]
[Black "Òèìåðõàíîâ, Àëåêñàíäð."]
[Result "0-1"]
[WhiteElo "2171"]
[BlackElo "2322"]
[PlyCount "102"]
[EventDate "2017.04.20"]

1. e4 c5 2. Nf3 d6 3. d4 cxd4 4. Nxd4 Nf6 5. Nc3 a6 6. Bg5 Nbd7 7. f4 Qc7 8.
Qe2 e6 9. O-O-O Be7 10. g4 h6 11. Bh4 g5 12. fxg5 Nh7 13. Nf3 hxg5 14. Bg3 Ne5
15. h3 Nf8 16. Bg2 Nfg6 17. Nxe5 dxe5 18. Rhf1 Nf4 19. Bxf4 gxf4 20. Nb1 Bd7
21. Rf3 Bb5 22. Qe1 Bc5 23. Nc3 Be3+ 24. Rxe3 fxe3 25. Qxe3 Rd8 26. Rxd8+ Qxd8
27. Qc5 Qg5+ 28. Kd1 Bc6 29. Ne2 Qd8+ 30. Ke1 f6 31. b4 Rh7 32. Qc4 Qd6 33. a4
Rc7 34. Qb3 b5 35. a5 Bb7 36. Qb1 Rc4 37. c3 Qd7 38. Bf3 Qh7 39. Qd3 Bxe4 40.
Bxe4 Qxe4 41. Qd6 Qc6 42. Qb8+ Kf7 43. Qh8 Qe4 44. Kf2 Rc7 45. Qd8 Qb7 46. Qh8
Qe4 47. Qd8 Re7 48. Qc8 Qd3 49. Qxa6 e4 50. Qb6 Qf3+ 51. Ke1 e3 0-1

[Event "Ì19"]
[Site "Loo"]
[Date "2017.04.21"]
[Round "2.15"]
[White "Îâ÷èííèêîâ, Âñåâîëîä."]
[Black "Êóçíåöîâ, Ôåëèêñ."]
[Result "1-0"]
[WhiteElo "2319"]
[BlackElo "2176"]
[PlyCount "101"]
[EventDate "2017.04.20"]

1. d4 Nf6 2. c4 e6 3. Nf3 b6 4. g3 Bb7 5. Bg2 Be7 6. O-O d5 7. cxd5 exd5 8. Nc3
O-O 9. Ne5 Na6 10. Bf4 c5 11. Rc1 Ne4 12. Be3 cxd4 13. Bxd4 Nac5 14. Nd3 Ne6
15. Be5 Bf6 16. Bxf6 Qxf6 17. Nb4 Nxc3 18. bxc3 Rfd8 19. Nxd5 Bxd5 20. Bxd5
Rac8 21. c4 b5 22. Qb3 Nd4 23. Qd3 Qe5 24. e4 bxc4 25. Rxc4 Rxc4 26. Bxc4 g6
27. Kg2 Kg7 28. Rb1 Rd7 29. Rd1 Rd6 30. Bd5 Ne6 31. Qc2 Rd7 32. f4 Rc7 33. Qd2
Qf6 34. Rb1 Nc5 35. Qb2 Nd3 36. Qxf6+ Kxf6 37. Rb7 Rxb7 38. Bxb7 Ke7 39. Bd5 f6
40. Kf3 Kd6 41. Ke3 Nb4 42. Bg8 h6 43. Kd4 Nc2+ 44. Kd3 Nb4+ 45. Kc3 Kc5 46. h4
g5 47. e5 fxe5 48. fxg5 hxg5 49. h5 Nc6 50. h6 Ne7 51. Bf7 1-0

[Event "Ì19"]
[Site "Loo"]
[Date "2017.04.21"]
[Round "2.16"]
[White "Ãîëüöåâ, Äìèòðèé."]
[Black "Äðûãàëîâ, Àíäðåé."]
[Result "1/2-1/2"]
[WhiteElo "2161"]
[BlackElo "2389"]
[PlyCount "81"]
[EventDate "2017.04.20"]

1. e4 c5 2. Nf3 e6 3. d4 cxd4 4. Nxd4 Nc6 5. Nb5 d6 6. Bf4 e5 7. Be3 a6 8. N5c3
Nf6 9. Nd5 Nxd5 10. Qxd5 Be6 11. Qd2 Be7 12. c4 O-O 13. Nc3 Bf6 14. Nd5 Bxd5
15. cxd5 Nd4 16. Bxd4 exd4 17. Bd3 Rc8 18. O-O Qb6 19. Rac1 g6 20. f4 Rfe8 21.
g3 Bg7 22. Kg2 Bf6 23. Kg1 Bg7 24. Kg2 Bf8 25. Rc2 Rxc2 26. Qxc2 Qa5 27. a3 Re7
28. Rc1 Re8 29. Rf1 Bg7 30. Rc1 Bf6 31. Rd1 Kg7 32. Qd2 Qxd2+ 33. Rxd2 Rc8 34.
Rd1 Rc5 35. Kf3 Kf8 36. Ke2 Ke7 37. Kd2 Kd7 38. Rc1 Rxc1 39. Kxc1 Kc7 40. Kc2
Kb6 41. b4 1/2-1/2

[Event "Ì19"]
[Site "Loo"]
[Date "2017.04.21"]
[Round "2.17"]
[White "Åëèñòðàòîâ, Ñåì¸í."]
[Black "Ñïèðèäîíîâ, Åâãåíèé."]
[Result "1-0"]
[WhiteElo "2417"]
[BlackElo "2130"]
[PlyCount "81"]
[EventDate "2017.04.20"]

1. e4 e5 2. Nf3 Nc6 3. Bb5 a6 4. Ba4 Nf6 5. O-O Be7 6. Re1 b5 7. Bb3 d6 8. c3
O-O 9. d3 Na5 10. Bc2 c5 11. Nbd2 Nc6 12. Nf1 Re8 13. h3 Bf8 14. Bg5 h6 15. Bh4
g6 16. d4 Bg7 17. a4 Bb7 18. dxc5 dxc5 19. Qe2 Qb6 20. Ne3 Na7 21. Nd2 Nc8 22.
c4 g5 23. Bg3 Nd6 24. axb5 axb5 25. Rxa8 Bxa8 26. cxb5 Qxb5 27. Nec4 Nxc4 28.
Nxc4 Nh5 29. Bd3 Qb3 30. Nd6 Nxg3 31. fxg3 Rb8 32. Kh2 Qxb2 33. Qh5 Rf8 34. Bc4
Qc2 35. Re2 Qc1 36. Rf2 Bxe4 37. Bxf7+ Kh8 38. Nxe4 Qe1 39. Qg6 Qb1 40. Ba2 Qb8
41. Nxg5 1-0

[Event "Ì19"]
[Site "Loo"]
[Date "2017.04.21"]
[Round "2.18"]
[White "×èáóõ÷ÿí, Ýðèê."]
[Black "Ãóí÷åíêî, Âàäèì."]
[Result "1/2-1/2"]
[WhiteElo "2149"]
[BlackElo "2292"]
[PlyCount "89"]
[EventDate "2017.04.20"]

1. e4 c5 2. Nf3 d6 3. d4 cxd4 4. Nxd4 Nf6 5. f3 e5 6. Nb3 d5 7. Bg5 Be6 8. Bxf6
gxf6 9. exd5 Qxd5 10. Qxd5 Bxd5 11. Nc3 Be6 12. O-O-O Nd7 13. Bb5 O-O-O 14. Ne4
Be7 15. Rhe1 Rhg8 16. Re2 Nb6 17. Rxd8+ Rxd8 18. g3 a6 19. Bd3 Na4 20. Ned2 b5
21. Re4 f5 22. Re2 Bf6 23. Re3 e4 24. fxe4 Bxb2+ 25. Kd1 Nc3+ 26. Ke1 fxe4 27.
Nxe4 Nxa2 28. Nec5 Nb4 29. Nxe6 Nxd3+ 30. cxd3 fxe6 31. Rxe6 Rxd3 32. Nc5 Bc3+
33. Ke2 Rd2+ 34. Kf3 b4 35. Rxa6 Rxh2 36. Rc6+ Kb8 37. Nd3 Kb7 38. Rc4 Kb6 39.
Nxb4 Bxb4 40. Rxb4+ Kc5 41. Re4 Kd5 42. Re8 Rh6 43. Kf4 Rf6+ 44. Kg5 Rg6+ 45.
Kf4 1/2-1/2

[Event "Ì19"]
[Site "Loo"]
[Date "2017.04.21"]
[Round "2.19"]
[White "Ðîçìàíîâ, Àëåêñàíäð."]
[Black "Áîíäàðåíêî, Èâàí."]
[Result "0-1"]
[WhiteElo "2018"]
[BlackElo "2251"]
[PlyCount "130"]
[EventDate "2017.04.20"]

1. e4 c5 2. Nf3 e6 3. d4 cxd4 4. Nxd4 Nf6 5. Bd3 Nc6 6. Nxc6 bxc6 7. O-O d6 8.
Nd2 Be7 9. Qe2 e5 10. b3 O-O 11. Bb2 Be6 12. c4 Qb6 13. Kh1 Nd7 14. Rae1 Bg5
15. Nf3 Bf6 16. Rc1 a5 17. Ba3 c5 18. Rb1 Nb8 19. Bc1 Nc6 20. a4 Bg4 21. Qe3
Bxf3 22. gxf3 Nd4 23. f4 h6 24. Qg3 Kh7 25. f5 Qc6 26. Qh3 Rab8 27. Rg1 Qd7 28.
Rg3 Rxb3 29. Rxb3 Nxb3 30. Be3 Rh8 31. Qh5 Kg8 32. Qd1 Nd4 33. Bd2 Nc6 34. Qc1
Kf8 35. Be2 Ke7 36. Bd1 Rb8 37. Rb3 Rxb3 38. Bxb3 Qb7 39. Bd1 Nd4 40. f3 Nc6
41. Kg2 Kd7 42. Kg3 Kc7 43. Qc2 Bg5 44. Bxg5 hxg5 45. Qd2 Qb1 46. Qd5 f6 47.
Qf7+ Kb6 48. Qd5 Qc1 49. Qxd6 Qxc4 50. Kg4 Qd4 51. Qd5 Kc7 52. Qf7+ Qd7 53. Qb3
c4 54. Qc2 Qd3 55. Qxd3 cxd3 56. Kh5 Ne7 57. h4 gxh4 58. Kxh4 Kd6 59. Kg3 Kc5
60. f4 exf4+ 61. Kxf4 Kd4 62. Bh5 Nc8 63. Bg4 Nb6 64. Bd1 Nd7 65. Bh5 Nc5 0-1

[Event "Ì19"]
[Site "Loo"]
[Date "2017.04.21"]
[Round "2.20"]
[White "Êëþêèí, Êèðèëë."]
[Black "Êàïïóøåâ, Àõìàò."]
[Result "1/2-1/2"]
[WhiteElo "2250"]
[BlackElo "1893"]
[PlyCount "161"]
[EventDate "2017.04.20"]

1. d4 Nf6 2. Nf3 e6 3. e3 Be7 4. Bd3 b6 5. O-O Bb7 6. c4 O-O 7. Nc3 d5 8. cxd5
exd5 9. b3 Nbd7 10. Bb2 Re8 11. Rc1 Bf8 12. Ne2 g6 13. Qc2 Rc8 14. Rfd1 Bg7 15.
Nf4 Qe7 16. Qe2 c6 17. Ba6 Bxa6 18. Qxa6 Nb8 19. Qa4 Ne4 20. Nd3 Rc7 21. Nfe5
Rec8 22. Ba3 Qd8 23. f3 Nd6 24. Bxd6 Qxd6 25. b4 Qe7 26. Re1 f6 27. Ng4 Nd7 28.
Qb3 Qf7 29. Ngf2 Nf8 30. Rc3 Ne6 31. Rec1 Bh6 32. Ng4 Bf8 33. Qa4 h5 34. Ngf2
Qd7 35. Qc2 Qf7 36. a3 Bh6 37. Re1 Re8 38. Rxc6 Rec8 39. Rxc7 Qxc7 40. Qb3 Qc4
41. Qa4 Qc7 42. f4 Qb7 43. Qb3 Bf8 44. f5 gxf5 45. Qd1 Ng7 46. Nf4 Qf7 47. Qb3
Rc4 48. N2d3 Bd6 49. Qa4 Ne8 50. Qa6 Bxf4 51. Nxf4 Nd6 52. Qa4 Kg7 53. Qd1 Kh6
54. Qf3 Ne4 55. Qh3 Nd6 56. Qf3 Ne4 57. Qh3 Nd6 58. Rf1 Rc3 59. Qf3 Ne4 60. Ne2
Rc2 61. Qf4+ Kg7 62. Ng3 Nxg3 63. Qxg3+ Qg6 64. Rxf5 Qxg3 65. hxg3 Re2 66. Rxd5
Rxe3 67. Rd7+ Kg6 68. Rxa7 Rxg3 69. b5 Rb3 70. a4 Rd3 71. Rd7 Ra3 72. Ra7 Rd3
73. Rd7 Ra3 74. Rd6 Rxa4 75. d5 Rd4 76. Kf2 Kf5 77. Ke3 Rd1 78. Rxb6 Rxd5 79.
Kf3 Rd3+ 80. Ke2 Rb3 81. Kf2 1/2-1/2

[Event "Ì19"]
[Site "Loo"]
[Date "2017.04.21"]
[Round "2.22"]
[White "Õàëòóðèí, Íèêîëàé."]
[Black "Ëàïèí, Ïåòð."]
[Result "0-1"]
[WhiteElo "1965"]
[BlackElo "2188"]
[PlyCount "72"]
[EventDate "2017.04.20"]

1. Nf3 Nf6 2. g3 g6 3. Bg2 Bg7 4. O-O O-O 5. d3 d5 6. Nbd2 c5 7. e4 Nc6 8. c3
d4 9. c4 e5 10. a3 Qc7 11. b4 cxb4 12. axb4 Nxb4 13. Ba3 Nxd3 14. Bxf8 Bxf8 15.
Qb1 Nc5 16. Ne1 Bg4 17. f3 Be6 18. Nd3 Nxd3 19. Qxd3 Bh6 20. Rfb1 Nd7 21. Bf1
Nc5 22. Qe2 d3 23. Qf2 Bxd2 24. Qxd2 Bxc4 25. Ra3 b5 26. Ra5 a6 27. Qc3 Rd8 28.
Raa1 Qd6 29. Kg2 Qd4 30. Qb4 d2 31. Bxc4 bxc4 32. Ra5 Nd3 33. Qe7 Ne1+ 34. Kh3
d1=Q 35. Rxd1 Qxd1 36. Rxa6 Qd7+ 0-1

[Event "Ì19"]
[Site "Loo"]
[Date "2017.04.21"]
[Round "2.23"]
[White "Àëåêñååâ, Ìèõàèë."]
[Black "Íàñèáóëëèí, Èñêàíäåð."]
[Result "0-1"]
[WhiteElo "1858"]
[BlackElo "2162"]
[PlyCount "56"]
[EventDate "2017.04.20"]

1. d4 Nf6 2. c4 e6 3. Nf3 b6 4. e3 Bb7 5. Bd3 d5 6. cxd5 exd5 7. O-O Bd6 8. Nc3
O-O 9. b3 a6 10. Bb2 Nbd7 11. Qe2 Qe7 12. h3 Ne4 13. Bxe4 dxe4 14. Nd2 b5 15.
Rfd1 f5 16. Rf1 Rae8 17. Rae1 Nf6 18. a4 c6 19. f4 exf3 20. Rxf3 c5 21. Rf2
cxd4 22. exd4 Qd7 23. Qd1 Rxe1+ 24. Qxe1 Bg3 25. Qf1 Bxf2+ 26. Qxf2 Ne4 27.
Ndxe4 fxe4 28. Qe2 Qxd4+ 0-1

[Event "Ì13Â"]
[Site "Loo"]
[Date "2017.04.22"]
[Round "3.1"]
[White "Êóçüìèí, Ðîìàí."]
[Black "Ìàêîâååâ, Èëüÿ."]
[Result "1/2-1/2"]
[WhiteElo "1806"]
[BlackElo "2246"]
[PlyCount "81"]
[EventDate "2017.04.20"]

1. e4 e5 2. Nf3 Nc6 3. Bb5 a6 4. Ba4 Nf6 5. O-O Be7 6. d3 d6 7. c3 O-O 8. Re1
Re8 9. Nbd2 Bf8 10. Nf1 g6 11. Bc2 Bg7 12. Ng3 d5 13. exd5 Nxd5 14. Bb3 Na5 15.
Bc2 c5 16. Bd2 Nc6 17. Bb3 b6 18. Ng5 f6 19. Qf3 Nce7 20. N5e4 Be6 21. d4 cxd4
22. cxd4 Nc6 23. Ne2 Kh8 24. Rac1 Rc8 25. Rxc6 Rxc6 26. dxe5 fxe5 27. Ng5 Bg8
28. Nc3 Rf8 29. Qh3 Nf6 30. Nce4 Qd7 31. Qxd7 Nxd7 32. Bb4 Nc5 33. Nxc5 bxc5
34. Bc3 Bxb3 35. axb3 h6 36. Ne4 Rb8 37. Rd1 Rcc8 38. g3 Rd8 39. Ra1 Rxb3 40.
Nxc5 Rb5 41. Ne6 1/2-1/2